[Event "Cairo Egyptian op"]
[Site "Cairo"]
[Date "2016.04.23"]
[Round "2"]
[White "Abdo, Mohamed Amin"]
[Black "Elgazar, Saeed"]
[Result "1-0"]
[WhiteElo "2077"]
[BlackElo "1711"]
[PlyCount "32"]
[EventDate "2016.04.22"]
[EventType "swiss"]
[EventRounds "9"]
[EventCountry "EGY"]
[SourceTitle "CBM 172 Extra"]
[Source "ChessBase"]
[SourceDate "2016.06.21"]
[SourceVersion "1"]
[SourceVersionDate "2016.06.21"]
[SourceQuality "1"]

1. e4 e5 2. Nf3 Nc6 3. d4 exd4 4. c3 dxc3 5. Nxc3 Bb4 6. Bc4 d6 7. Qb3 Bxc3+ 8. bxc3 Qf6 9. 0-0 Nge7 10. e5 dxe5 11. Bg5 Qg6 12. Bxe7 Nxe7 13. Nxe5 Qb6 14. Bb5+ c6 15. Qxf7+ Kd8 16. Rad1+ Kc7 1-0